• 首页
  • 本馆介绍
  • 公告通知
  • 最新文献
  • 馆藏检索
  • 电子资源
  • 读者导购
  • 参考咨询
  • 我的图书馆
  • 登录
  • 详细信息显示
  • 放入我的书架
  • 预约/预借图书
  • 作者相关作品
  • 分类相关作品
  • 丛书相关作品
  • 出版社相关作品

书目信息

  • 表格格式
  • 工作单格式
  • 卡片格式
题名:
中学生物知识问答
    
 
作者: 覃朝芳 , 刘恕 主编
分册:  
出版信息: 北京   北京出版社  1981
页数: 287页
开本: 19cm
丛书名:
单 册:
中图分类: G634.91 , G633.91
科图分类:
主题词: 生物学--中学--教学参考资料 , 教育--各级
电子资源:
ISBN:
000 00730nam0 2200265 45
001 0181008910
005 20060812111735.51
010    @dCNY0.69
091    @a7071.705
100    @a19950614d1981 em y0chiy0121 ea
101 0  @achi
102    @aCN@b110000
105    @ay z 000yy
200 10 @a中学生物知识问答@Azhong xue sheng wu zhi shi wen da@f刘恕,覃朝芳主编
210    @a北京@c北京出版社@d1981
215    @a287页@d19cm
606    @a生物学@x中学@x教学参考资料
606 0  @a教育@x各级
690    @aG634.91@v3
690    @aG633.91
701  0 @a覃朝芳@Atan zhao fang@4主编
701  0 @a刘恕@Aliu shu@4主编
801  2 @aCN@bNLC@c20060812
801  0 @aCN@b上海图书馆@c20040506
905    @f3@b40847-849@dG633.91@e209
    
    中学生物知识问答/刘恕,覃朝芳主编.-北京:北京出版社,1981
    287页;19cm
    
    
    ISBN :CNY0.69
    
●
相关链接 在E读中查询图书 在五车中查询图书 在当当中查询图书 在豆瓣中查询图书


正题名:中学生物知识问答     索取号:G633.91/209         预约/预借

序号 登录号 条形码 馆藏地/架位号 状态 备注
1 0040847   000293916   密集书库/ [索取号:G633.91/209] 在馆    
2 0040848   000293890   密集书库/ [索取号:G633.91/209] 在馆    
3 0040849   000293907   密集书库/ [索取号:G633.91/209] 在馆    
4 0449064   204490648   密集书库/ [索取号:G633.91/209] 在馆    
5 0449065   204490657   密集书库/ [索取号:G633.91/209] 在馆    
6 0449066   204490666   密集书库/ [索取号:G633.91/209] 在馆    
唐山师范学院图书馆 欢迎您!
大连网信软件有限公司© 版权所有